Analýza stavu doplňovania knižničných fondov odbornou literatúrou

Bibliographic Details
Main Author: Bučíková, Anna (Author)
Format: Article
Language:Slovak
ISSN:1210-096X
Subjects:

MARC

LEADER 00000nab a2200000 a 4500
001 vtls000703637
003 SK-MaSNL
005 20260304133316.0
008 250429c1999 xo 0 slo
015 |a SNBRB1999/10-23649 
035 |a CLN000055804 
035 |a urn:nbn:sk:snk-ab6iz4 
035 |a (uuid)0b00da6e-5f3c-415b-aafc-92be496a30f8 
035 |a (urnnbn)urn:nbn:sk:snk:ar-004ez2 
040 |a SNKBUCL  |b slo  |c SNKBUCL  |e AACR2 
041 0 |a slo 
044 |a xo  |c SK 
080 |a 025.2:027.5(437.6)  |2 1997 
080 |a 027.5(437.6)  |2 1997 
100 1 |a Bučíková, Anna  |4 aut  |9 905193 
245 1 0 |a Analýza stavu doplňovania knižničných fondov odbornou literatúrou  |c Anna Bučíková 
650 0 7 |a fondy knižničné  |x doplňovanie  |x literatúra odborná  |x prieskumy  |2 snkbucl  |9 1450193 
655 7 |a články z novín a časopisov  |2 snkbucl  |9 267496 
773 0 |t Knižnice a informácie  |g Roč. 31, č. 10 (1999), s. 361-364  |x 1210-096X 
850 |a Slovenská národná knižnica 
852 |a Slovenská národná knižnica 
954 |a odborná, vedecká literatúra pôvodná (slovenská)  |2 lita 
958 |a article2022 
958 |a KL 
958 |a SK 
958 |a OND 
958 |a EUIPO 
992 |a RBX 
999 |c 2900913  |d 2902843